| 000 | 00761nam a2200241Ia 4500 | ||
|---|---|---|---|
| 003 | GCL | ||
| 008 | 140319s9999 xx 000 0 ara d | ||
| 040 |
_aGCL / _cGCL |
||
| 082 | 0 | 4 |
_a709.5503 _bث ت |
| 100 | 1 | _aثروت عكاشة | |
| 245 | 1 | 0 |
_aالتصوير الفارسى والتركى / _cثروت عكاشة |
| 260 |
_aبيروت : _bالمؤسسة العربية للدراسات والنشر ، _c1983 |
||
| 300 |
_aمج6(388 ص): _bايض ؛ _c26 سم |
||
| 490 |
_aتاريخ الفن _v6 |
||
| 650 | 0 | 4 | _aايران |
| 650 | 0 | 4 | _aتركيا |
| 650 | 0 | 4 | _aالفن |
| 650 | 0 | 4 | _aالعصور الوسطى |
| 650 | 0 | 4 | _aالتصوير الفنى |
| 650 | 0 | 4 | _aالمنمنمات |
| 650 | 0 | 4 | _aالفن الاسلامى |
| 942 |
_2ddc _cBK |
||
| 999 |
_c32588 _d32588 |
||